000 00594nam a2200229Ia 4500
003 OSt
005 20220918212610.0
006 a|||||r|||| 00| 0
007 ta
008 220917b |||||||| |||| 00| 0 eng d
024 _a129,529
037 _cTextual
040 _aARTS
_cARTS
_beng
041 _2eng
_aeng
082 _aX:3M24xM18:g(V), L9
100 _aRader Melvin
245 0 _aMarx's interpretation of history
260 _aN.Y
_bOUP
_c1979
650 _aECONOMICS
942 _hX:3M24xM18:g(V), L9
_cTEXL
_2CC
999 _c252656
_d252656